000 00859nam a2200229Ia 4500
001 16658
003 GE_BSU
008 181216s||||||||xx |||||||||||||| ||und||
040 _cGE_BSU
080 _a82-93:821.353.1-32
100 _aკობერიძე, კარლო
245 _aდაკარგული არდადეგები
245 _bმოთხრობები საშ. სასკ. ასაკის ბავშვებისათვის
245 _cრედ.ნ.ლორთქიფანიძე. მხ.თ.მირზაშვილი
260 _aთბილისი
260 _bნაკადული
260 _c1986
300 _a407გვ. ; 21სმ
653 _aდაკარგული არდადეგები
653 _aმოთხრობები
942 _cBK
999 _c49723
_d49723